[Event "BC op"]
[Site "Richmond"]
[Date "2020.02.16"]
[Round "3.7"]
[White "Yang, Jingyun (Ryan)"]
[Black "Moura, Eduardo"]
[Result "0-1"]
[WhiteElo "1813"]
[BlackElo "2143"]
[PlyCount "150"]
[EventDate "2020.02.15"]
[EventType "swiss"]
[EventCountry "CAN"]

1. e4 d6 2. Nc3 e5 3. Nf3 Nf6 4. h3 c6 5. d4 Nbd7 6. dxe5 dxe5 7. Bc4 Be7 8.
Be3 O-O 9. a4 Qc7 10. O-O Nc5 11. Nd2 Be6 12. Qe2 a5 13. Rfd1 Nfd7 14. Bxe6
Nxe6 15. Nc4 Bc5 16. Rd2 Nd4 17. Qg4 Rfe8 18. Rad1 f6 19. Ne2 b5 20. Bxd4 exd4
21. axb5 Ne5 22. Nxe5 fxe5 23. bxc6 Qxc6 24. c3 Rad8 25. cxd4 exd4 26. Nxd4
Qxe4 27. Qxe4 Rxe4 28. Nf3 Rxd2 29. Rxd2 h6 30. Kf1 a4 31. Rc2 Bb4 32. Rc8+ Kh7
33. Ra8 Bc5 34. Ra5 Be7 35. Re5 Rxe5 36. Nxe5 Bf6 37. Nc4 Bxb2 38. Ke2 a3 39.
Nxa3 Bxa3 40. f4 Kg6 41. g4 Be7 42. Kf3 Bh4 43. Ke4 Kf6 44. Kd5 Bg3 45. Ke4 Ke6
46. Kf3 Bh4 47. Ke4 Be1 48. Kd4 Bb4 49. Ke4 Be7 50. Kd4 Bd8 51. Ke4 Bc7 52. Kf3
Kd5 53. h4 Kd4 54. h5 Bd8 55. g5 hxg5 56. Kg4 gxf4 57. Kxf4 Ba5 58. Kf5 Bd2 59.
Kg6 Bh6 60. Kf7 Ke5 61. Kg6 Kf4 62. Kh7 Kg5 63. Kg8 Kxh5 64. Kf7 g5 65. Kg8 g4
66. Kh7 g3 67. Kg8 g2 68. Kf7 g1=Q 69. Ke6 Qc5 70. Kd7 Qb6 71. Kc8 Qa7 72. Kd8
Bf4 73. Ke8 Bd6 74. Kd8 Qc7+ 75. Ke8 Qe7# 0-1

[Event "BC op"]
[Site "Richmond"]
[Date "2020.02.16"]
[Round "3.8"]
[White "MacKinnon, Keith"]
[Black "Taylor, Tristan"]
[Result "1-0"]
[WhiteElo "2265"]
[BlackElo "1936"]
[PlyCount "95"]
[EventDate "2020.02.15"]
[EventType "swiss"]
[EventCountry "CAN"]

1. e4 c5 2. Nf3 Nc6 3. d4 cxd4 4. Nxd4 Nf6 5. Nc3 e5 6. Ndb5 d6 7. Nd5 Nxd5 8.
exd5 Nb8 9. a4 Be7 10. Be2 O-O 11. O-O a6 12. Na3 Bf5 13. Nc4 g5 14. a5 Nd7 15.
h4 h6 16. Ra3 Rc8 17. Rg3 Bg6 18. hxg5 hxg5 19. b3 Kg7 20. Bh5 Rh8 21. Bxg6
fxg6 22. Be3 Rh5 23. f3 Qh8 24. Kf2 Rf8 25. Ke2 Rf5 {Draw offered.} 26. Nd2 Rh4
27. Ne4 Qh5 28. Kd2 Nf6 29. Nxf6 Bxf6 30. Kc1 e4 31. Bd4 exf3 32. Bxf6+ Rxf6
33. Rgxf3 Rhf4 34. Rh1 Rxf3 35. Rxh5 Rf1 36. Rxg5 Rxd1+ {Draw offered.} 37.
Kxd1 Rf2 38. Rg3 Rf1+ 39. Ke2 Ra1 40. b4 Rb1 41. Rb3 Rg1 42. Kf3 Rd1 43. Rc3
Rf1+ 44. Ke4 Rf7 45. Rc8 Rd7 46. c4 Kf6 47. Re8 Kg5 48. c5 1-0

[Event "BC op"]
[Site "Richmond"]
[Date "2020.02.16"]
[Round "3.9"]
[White "Hemstapat, Andrew"]
[Black "James, Rowan"]
[Result "1-0"]
[WhiteElo "2253"]
[BlackElo "1918"]
[PlyCount "125"]
[EventDate "2020.02.15"]
[EventType "swiss"]
[EventCountry "CAN"]

1. e4 e5 2. Nf3 Nc6 3. d4 exd4 4. Bc4 Nf6 5. e5 Ne4 6. Qe2 Nc5 7. c3 Ne6 8. O-O
d5 9. exd6 Bxd6 10. cxd4 O-O 11. Be3 Qf6 12. Qd1 Nf4 13. Nc3 Bg4 14. Nd5 Qf5
15. Bxf4 Bxf4 16. Ne3 Qh5 17. Nxg4 Qxg4 18. Bd5 Qd7 19. Bxc6 Qxc6 20. Qd3 Qd5
21. Qc2 Rac8 22. Rfe1 Rfe8 23. Qa4 Rxe1+ 24. Rxe1 g6 25. Qxa7 b6 26. Qa4 Ra8
27. Re8+ Rxe8 28. Qxe8+ Kg7 29. Qa4 b5 30. Qa5 Qe4 31. Qxb5 Qb1+ 32. Qf1 Qxb2
33. a4 Qb4 34. Qa1 Qa5 35. g3 Bd6 36. Qa2 h6 37. Qb3 Kf6 38. Kg2 g5 39. h3 Ke7
40. Qe3+ Kf6 41. h4 Qd5 42. Kg1 Kg6 43. hxg5 hxg5 44. Ne5+ Bxe5 45. Qxe5 Qb7
46. d5 g4 47. Qe4+ f5 48. Qe8+ Kg5 49. Qb5 Qb6 50. Qc4 Kf6 51. Qc3+ Kg6 52. a5
Qb1+ 53. Kh2 Qf1 54. Qc5 Qh3+ 55. Kg1 Qh8 56. Qxc7 Qa1+ 57. Kg2 Qd4 58. Qd6+
Kg7 59. Qc7+ Kg8 60. Qc8+ Kg7 61. Qxf5 Kh8 62. a6 Qb6 63. Qc8+ 1-0

[Event "BC op"]
[Site "Richmond"]
[Date "2020.02.16"]
[Round "3.10"]
[White "Patterson, Roger"]
[Black "Yang, Brian"]
[Result "1/2-1/2"]
[WhiteElo "2100"]
[BlackElo "1914"]
[PlyCount "51"]
[EventDate "2020.02.15"]
[EventType "swiss"]
[EventCountry "CAN"]

1. c4 c5 2. Nc3 Nc6 3. g3 g6 4. Bg2 Bg7 5. e4 e6 6. Nge2 Nge7 7. O-O O-O 8. Rb1
d6 9. a3 b6 10. b4 Bb7 11. d3 Qd7 12. Be3 Nd4 13. Qd2 d5 14. bxc5 bxc5 15. exd5
exd5 16. Nf4 Rab8 17. Nfxd5 Nxd5 18. Nxd5 Bxd5 19. Bxd5 Qxd5 20. cxd5 Nf3+ 21.
Kg2 Nxd2 22. Bxd2 Rbd8 23. Be3 Rxd5 24. Rfc1 Bd4 25. Bxd4 Rxd4 26. Rxc5 1/2-1/2

[Event "BC op"]
[Site "Richmond"]
[Date "2020.02.16"]
[Round "4.1"]
[White "Nunez Asencio, Jorge"]
[Black "Nyamdorj, Davaa-Ochir"]
[Result "1-0"]
[WhiteElo "2235"]
[BlackElo "2306"]
[PlyCount "107"]
[EventDate "2020.02.15"]
[EventType "swiss"]
[EventCountry "CAN"]

1. d4 Nf6 2. Nf3 d5 3. c4 e6 4. Nc3 Be7 5. Bf4 O-O 6. e3 Nbd7 7. c5 c6 8. h3 b6
9. b4 a5 10. a3 h6 11. Qc1 Bb7 12. Bd3 Qc8 13. O-O Ba6 14. Bxa6 Rxa6 15. Qb2
Qb7 16. Rfb1 axb4 17. axb4 Rxa1 18. Qxa1 Ra8 19. Qb2 Bd8 20. Ra1 Ra7 21. Rxa7
Qxa7 22. Qa2 Qxa2 23. Nxa2 bxc5 24. dxc5 Ne4 25. Nd4 Bh4 26. f3 Nexc5 27. bxc5
e5 28. Nf5 exf4 29. Nxh4 fxe3 30. Nf5 Nxc5 31. Nb4 Ne6 32. Nxc6 e2 33. Kf2 Nf4
34. Ne3 Kf8 35. Nd4 Ke7 36. Nxe2 Nd3+ 37. Kf1 Ke6 38. Nc2 f5 39. f4 g5 40. g3
Kf6 41. Kg2 h5 42. Ncd4 gxf4 43. Nxf4 Nc5 44. Nf3 h4 45. Nxh4 Ke5 46. Nf3+ Ke4
47. h4 d4 48. h5 Nd7 49. h6 Nf6 50. Ng5+ Ke3 51. h7 Nxh7 52. Nxh7 d3 53. Nxd3
Kxd3 54. Kf3 1-0

[Event "BC op"]
[Site "Richmond"]
[Date "2020.02.16"]
[Round "4.3"]
[White "Sali, Zulfikar"]
[Black "Morozov, Grigorii"]
[Result "1/2-1/2"]
[WhiteElo "2327"]
[BlackElo "2423"]
[PlyCount "115"]
[EventDate "2020.02.15"]
[EventType "swiss"]
[EventCountry "CAN"]

1. e4 e6 2. Nf3 d5 3. exd5 exd5 4. d4 Bd6 5. Bd3 Ne7 6. O-O O-O 7. h3 Bf5 8.
Nc3 c6 9. Re1 Bxd3 10. Qxd3 Nd7 11. Bg5 f6 12. Bd2 Qc7 13. Re2 Rfe8 14. Rae1
Nf8 15. g3 Qd7 16. Kg2 Kf7 17. Nd1 Nfg6 18. c4 dxc4 19. Qxc4+ Nd5 20. Nc3 Rxe2
21. Rxe2 Bc7 22. a4 Re8 23. Rxe8 Kxe8 24. Qb3 Bd8 25. Ne4 Qe7 26. Qd3 Bc7 27.
h4 b6 28. h5 Nf8 29. Nh4 Qd7 30. Qf3 Ne6 31. Bc3 Kf7 32. Kg1 Bd8 33. Nf5 Be7
34. Qg4 Bf8 35. Kh2 Ke8 36. Qf3 Kd8 37. Nh4 Kc7 38. Qf5 Ng5 39. Nxg5 Qxf5 40.
Nxf5 fxg5 41. g4 g6 42. hxg6 hxg6 43. Ne3 Kd6 44. Nc4+ Ke6 45. Bd2 Bg7 46. Bxg5
Bxd4 47. Kg3 b5 48. axb5 cxb5 49. Na3 b4 50. Nc4 Nf6 51. Kf3 Kd5 52. b3 Ne4 53.
Be3 Nc5 54. Na5 a6 55. Ke2 Ne6 56. Kd3 Nc5+ 57. Ke2 Nd7 58. Nc4 1/2-1/2

[Event "BC op"]
[Site "Richmond"]
[Date "2020.02.16"]
[Round "4.4"]
[White "Moura, Eduardo"]
[Black "Sohal, Tanraj S."]
[Result "1/2-1/2"]
[WhiteElo "2143"]
[BlackElo "2339"]
[PlyCount "130"]
[EventDate "2020.02.15"]
[EventType "swiss"]
[EventCountry "CAN"]

1. e4 c5 2. d4 cxd4 3. c3 dxc3 4. Nxc3 Nc6 5. Nf3 d6 6. Bc4 a6 7. O-O Nf6 8.
Bf4 Bg4 9. h3 Bxf3 10. Qxf3 e6 11. Rfd1 Qb8 12. Be2 Be7 13. Qg3 O-O 14. Bxd6
Bxd6 15. Qxd6 e5 16. Qxb8 Raxb8 17. Rac1 Nd4 18. Bf1 Rfd8 19. f3 Rbc8 20. Ne2
Nxe2+ 21. Bxe2 Rxd1+ 22. Rxd1 h5 23. Rd2 h4 24. Bd1 Kf8 25. Rc2 Rd8 26. Be2 Rd7
27. Kf2 Ke7 28. Ke1 Nh5 29. Rd2 Rc7 30. Kd1 Nf4 31. Bf1 Ne6 32. Rc2 Rd7+ 33.
Rd2 Nd4 34. Bc4 g5 35. Bd5 Rc7 36. Rf2 f6 37. Rd2 b6 38. Rf2 Kd6 39. Rd2 a5 40.
Rd3 Rc5 41. Bg8 Rb5 42. Rd2 a4 43. a3 Rc5 44. Bf7 Rc7 45. Bg8 Rc8 46. Bf7 b5
47. Bd5 Rc5 48. Bf7 Kc7 49. Rd3 Kb6 50. Rc3 Nc6 51. Kd2 Rxc3 52. bxc3 Kc5 53.
Kd3 Ne7 54. Kc2 Nc8 55. Kd3 Nb6 56. Bg8 Na8 57. Bd5 Nc7 58. Bf7 Na6 59. Kc2 Nb8
60. Kd3 Nc6 61. Bg8 Ne7 62. Bf7 Nc8 63. Be6 Nd6 64. Bg8 Nc8 65. Be6 Ne7 1/2-1/2

[Event "BC op"]
[Site "Richmond"]
[Date "2020.02.16"]
[Round "4.5"]
[White "MacKinnon, Keith"]
[Black "Lehingrat, Callum"]
[Result "1-0"]
[WhiteElo "2265"]
[BlackElo "1988"]
[PlyCount "39"]
[EventDate "2020.02.15"]
[EventType "swiss"]
[EventCountry "CAN"]

1. e4 c5 2. Nf3 d6 3. Bb5+ Nd7 4. O-O a6 5. Bxd7+ Bxd7 6. d4 cxd4 7. Qxd4 Nf6
8. c4 Bc6 9. Nc3 e6 10. a4 Qa5 11. Bd2 Qc5 12. Qd3 Be7 13. b4 Qh5 14. b5 Bd7
15. Bf4 Rc8 16. Bxd6 Bxd6 17. Qxd6 Rxc4 18. Ne5 Rc8 19. Rfd1 Rd8 20. bxa6 1-0

[Event "BC op"]
[Site "Richmond"]
[Date "2020.02.16"]
[Round "4.6"]
[White "Roback, Joe"]
[Black "Hemstapat, Andrew"]
[Result "0-1"]
[WhiteElo "1999"]
[BlackElo "2253"]
[PlyCount "80"]
[EventDate "2020.02.15"]
[EventType "swiss"]
[EventCountry "CAN"]

1. e4 e6 2. d4 d5 3. e5 c5 4. c3 Nc6 5. Nf3 Bd7 6. Be2 Nge7 7. Na3 cxd4 8. cxd4
Nf5 9. Nc2 Qb6 10. g4 Nh6 11. Ne3 f6 12. exf6 gxf6 13. Rg1 Nf7 14. h4 O-O-O 15.
a3 Kb8 16. b4 Bd6 17. b5 Ne7 18. a4 Rc8 19. a5 Bb4+ 20. Kf1 Bxa5 21. Ba3 Ng6
22. Qa4 Qd8 23. Bc5 Bb6 24. Qb4 Rxc5 25. dxc5 Qe7 26. h5 Bxc5 27. Qa4 Nge5 28.
Nxe5 fxe5 29. Rg3 Ng5 30. Nd1 Ne4 31. Rd3 Qh4 32. Kg2 Rf8 33. Rh3 Rxf2+ 34.
Nxf2 Qxf2+ 35. Kh1 Qxe2 36. Qa2 Nf2+ 37. Kg2 Qxa2 38. Rxa2 Nxh3 39. Kxh3 Be3
40. Kh4 h6 0-1

[Event "BC op"]
[Site "Richmond"]
[Date "2020.02.16"]
[Round "4.7"]
[White "Brown, Gabriel"]
[Black "Shinn, Jungmin"]
[Result "1-0"]
[WhiteElo "2061"]
[BlackElo "1972"]
[PlyCount "115"]
[EventDate "2020.02.15"]
[EventType "swiss"]
[EventCountry "CAN"]

1. c4 e5 2. g3 Nf6 3. Bg2 d5 4. cxd5 Nxd5 5. Nc3 Nb6 6. Nf3 Nc6 7. O-O Be6 8.
d3 Be7 9. a3 O-O 10. b4 f6 11. Be3 Nd5 12. Nxd5 Bxd5 13. Rc1 a5 14. b5 Nd4 15.
Nxd4 exd4 16. Bf4 Bxg2 17. Kxg2 Qd5+ 18. Kg1 Bxa3 19. Rxc7 Qxb5 20. Qa1 Qb2 21.
Qxb2 Bxb2 22. Rb1 b5 23. Rxb2 b4 24. Kf1 Rfc8 25. Ke1 g5 26. Bd6 Rxc7 27. Bxc7
Ra6 28. Kd2 Kf7 29. Kc1 b3 30. Bxa5 Rxa5 31. Rxb3 Ra1+ 32. Rb1 Ra2 33. Rb2 Ra1+
34. Rb1 Ra2 35. Kd1 Ke6 36. f3 h5 37. Ke1 Ra5 38. Kf2 Kf5 39. Rb8 Rd5 40. Rg8
Rd6 41. h3 Rd7 42. g4+ hxg4 43. hxg4+ Ke6 44. Re8+ Kd5 45. Kg3 Kc5 46. f4 Kb4
47. Re6 Kc3 48. Rxf6 Re7 49. fxg5 Rxe2 50. g6 Re8 51. Kf4 Kxd3 52. Kg5 Ke2 53.
g7 Rg8 54. Kg6 d3 55. Kh7 d2 56. Rd6 Rd8 57. Rxd8 d1=Q 58. Rxd1 1-0

[Event "BC op"]
[Site "Richmond"]
[Date "2020.02.16"]
[Round "4.8"]
[White "Sardari, Reza"]
[Black "Luu, Tran Nguyen Khoi"]
[Result "0-1"]
[WhiteElo "2001"]
[BlackElo "1672"]
[PlyCount "110"]
[EventDate "2020.02.15"]
[EventType "swiss"]
[EventCountry "CAN"]

1. e4 c5 2. Nf3 e6 3. c3 Nf6 4. Qc2 Nc6 5. Bb5 d5 6. e5 Nd7 7. d4 Qb6 8. Bxc6
bxc6 9. O-O Ba6 10. Re1 cxd4 11. Nxd4 c5 12. Nf3 Be7 13. Bg5 Bxg5 14. Nxg5 h6
15. Nf3 O-O 16. Nbd2 Qc7 17. Qa4 Bd3 18. Re3 Bh7 19. Rae1 c4 20. Nd4 Nc5 21.
Qa3 Rab8 22. b3 cxb3 23. N2xb3 Nd3 24. Rf1 Nxe5 25. Qc5 Qxc5 26. Nxc5 Nc4 27.
Rg3 Rfc8 28. Nd7 Rb7 29. Nf6+ Kh8 30. Nxh7 Kxh7 31. f4 Rb2 32. f5 e5 33. Nb3
Rxa2 34. f6 g6 35. h4 Ra3 36. Nc1 Nd2 37. Re1 Ne4 38. Rxe4 dxe4 39. Ne2 Rc6 40.
Re3 Rxf6 41. Rxe4 Re6 42. h5 f5 43. Rc4 gxh5 44. Kf2 Kg6 45. Rc8 Ra2 46. Kf3
Rd6 47. Ke3 f4+ 48. Nxf4+ exf4+ 49. Kxf4 a5 50. Rg8+ Kf7 51. Rg3 Rg6 52. Rh3
Raxg2 53. Rxh5 R2g5 54. Rh1 Rc5 55. Rh3 Rgc6 0-1

[Event "BC op"]
[Site "Richmond"]
[Date "2020.02.16"]
[Round "4.9"]
[White "Cheng, Louis"]
[Black "Patterson, Roger"]
[Result "0-1"]
[WhiteElo "1921"]
[BlackElo "2100"]
[PlyCount "76"]
[EventDate "2020.02.15"]
[EventType "swiss"]
[EventCountry "CAN"]

1. e4 c5 2. Nf3 Nc6 3. d4 cxd4 4. Nxd4 g6 5. g3 Bg7 6. Ne2 Nf6 7. Bg2 Rb8 8.
O-O b5 9. Re1 O-O 10. Nbc3 d6 11. h3 a6 12. g4 Bb7 13. Ng3 Na5 14. Rb1 Nc4 15.
b3 Nb6 16. Qd3 Rc8 17. Nd1 Qc7 18. Re2 Nfd7 19. f4 Rfd8 20. Kh2 e5 21. f5 Nc5
22. Qf3 d5 23. Nf2 dxe4 24. Nfxe4 Rd4 25. Qf2 Nxe4 26. Nxe4 Nd5 27. f6 Bf8 28.
Qh4 Nf4 29. Bxf4 exf4 30. Kh1 f3 31. Bxf3 Qf4 32. Ng5 Bxf3+ 33. Kg1 h6 34. Nxf3
Qxf3 35. Rbe1 g5 36. Qh5 Qg3+ 37. Kh1 Rxc2 38. Qxh6 Bxh6 0-1

[Event "BC op"]
[Site "Richmond"]
[Date "2020.02.16"]
[Round "4.10"]
[White "Amerkeshev, Madiyar"]
[Black "Yang, Jingyun (Ryan)"]
[Result "1-0"]
[WhiteElo "2089"]
[BlackElo "1813"]
[PlyCount "53"]
[EventDate "2020.02.15"]
[EventType "swiss"]
[EventCountry "CAN"]

1. d4 d5 2. c4 e6 3. Nc3 Nf6 4. cxd5 exd5 5. Bg5 c6 6. e3 Be7 7. Bd3 Nbd7 8.
Qc2 h6 9. Bh4 O-O 10. Nge2 Re8 11. f3 c5 12. O-O c4 13. Bf5 Nf8 14. Rad1 g6 15.
Bxc8 Rxc8 16. Kh1 g5 17. Bf2 Ng6 18. e4 dxe4 19. fxe4 a6 20. e5 Nh5 21. e6 Kg7
22. d5 fxe6 23. dxe6 Qa5 24. Bb6 Qxb6 25. Rf7+ Kh8 26. Qxg6 Bf8 27. Qh7# 1-0

[Event "BC op"]
[Site "Richmond"]
[Date "2020.02.17"]
[Round "5.2"]
[White "Morozov, Grigorii"]
[Black "Hemstapat, Andrew"]
[Result "1-0"]
[WhiteElo "2423"]
[BlackElo "2253"]
[PlyCount "99"]
[EventDate "2020.02.15"]
[EventType "swiss"]
[EventCountry "CAN"]

1. Nf3 Nf6 2. g3 g6 3. Bg2 Bg7 4. O-O O-O 5. c4 d6 6. d4 Nbd7 7. Nc3 e5 8. e3
Nh5 9. e4 c6 10. Be3 f5 11. exf5 gxf5 12. dxe5 dxe5 13. Nxe5 Nxe5 14. Qxh5 Nxc4
15. Bc5 Rf7 16. Rad1 Rd7 17. Rde1 Rf7 18. Rd1 Rd7 19. Rxd7 Bxd7 20. Qe2 Ne5 21.
Rd1 Qe8 22. Bd4 Nf7 23. Bxg7 Kxg7 24. f4 Qxe2 25. Nxe2 Rd8 26. Kf2 Kf6 27. a3
Be6 28. Rxd8 Nxd8 29. Ke3 Nf7 30. Kd4 Nd6 31. Nc3 Bb3 32. Kc5 Ke7 33. a4 Be6
34. Bf1 Bd7 35. a5 Nc8 36. Na4 Kd8 37. Bd3 Ke7 38. Bc4 Nd6 39. Bd3 Nc8 40. Bc2
h6 41. Kd4 Nd6 42. Bd3 Kf6 43. a6 b5 44. Nc5 Be8 45. Be2 Ke7 46. b4 Nf7 47. Bd1
Nd8 48. Ke5 Bg6 49. Bb3 Bh7 50. Nb7 1-0

[Event "BC op"]
[Site "Richmond"]
[Date "2020.02.17"]
[Round "5.3"]
[White "Sohal, Tanraj S."]
[Black "Brown, Gabriel"]
[Result "1-0"]
[WhiteElo "2339"]
[BlackElo "2061"]
[PlyCount "81"]
[EventDate "2020.02.15"]
[EventType "swiss"]
[EventCountry "CAN"]

1. d4 Nf6 2. c4 g6 3. Nc3 d5 4. Bg5 Bg7 5. Nf3 Ne4 6. Bh4 Nxc3 7. bxc3 dxc4 8.
Qa4+ Qd7 9. Qxc4 b6 10. Bg3 Ba6 11. Qxc7 Qxc7 12. Bxc7 Nd7 13. Bf4 Nf6 14. Be5
O-O 15. Bxf6 Bxf6 16. e3 Bxf1 17. Rxf1 Rac8 18. Kd2 Rc7 19. Rfb1 Rfc8 20. Rb3
e6 21. a4 Be7 22. Kd3 Bd6 23. h3 h6 24. Nd2 f5 25. f3 Kf7 26. c4 e5 27. d5 Bc5
28. a5 Re8 29. axb6 axb6 30. Rbb1 g5 31. Ra2 f4 32. exf4 gxf4 33. Ne4 Rec8 34.
Ra4 Rg8 35. Nxc5 bxc5 36. Ra2 Kf6 37. Ke4 Rg5 38. Rb6+ Kg7 39. Rab2 Rc8 40.
Rb7+ Kg8 41. d6 1-0

[Event "BC op"]
[Site "Richmond"]
[Date "2020.02.17"]
[Round "5.4"]
[White "Mohammed Qanee, Arpak Worya"]
[Black "Sali, Zulfikar"]
[Result "0-1"]
[WhiteElo "2218"]
[BlackElo "2327"]
[PlyCount "72"]
[EventDate "2020.02.15"]
[EventType "swiss"]
[EventCountry "CAN"]

1. e4 c5 2. Nf3 e6 3. Nc3 a6 4. d4 cxd4 5. Nxd4 Qc7 6. g3 Nc6 7. Bg2 Nf6 8. O-O
Nxd4 9. Qxd4 Bc5 10. Qd3 d6 11. Be3 Bd7 12. Rad1 Rd8 13. Bg5 Bb4 14. Qd4 Bc5
15. Qd2 Qb6 16. Qf4 Bd4 17. Rxd4 Qxd4 18. Rd1 Qe5 19. Rxd6 Qxf4 20. gxf4 h6 21.
Bh4 Rb8 22. e5 Nh5 23. Rd4 Nxf4 24. Rxf4 g5 25. Bxg5 hxg5 26. Rg4 Ke7 27. Rxg5
Bc6 28. Bxc6 bxc6 29. b3 Rb4 30. Ne2 Rbh4 31. Rg2 Rd8 32. f3 Rd5 33. Kf2 Rxe5
34. f4 Reh5 35. Kg3 Rh3+ 36. Kg4 f5# 0-1

[Event "BC op"]
[Site "Richmond"]
[Date "2020.02.17"]
[Round "5.5"]
[White "Nyamdorj, Davaa-Ochir"]
[Black "Moura, Eduardo"]
[Result "1-0"]
[WhiteElo "2306"]
[BlackElo "2143"]
[PlyCount "73"]
[EventDate "2020.02.15"]
[EventType "swiss"]
[EventCountry "CAN"]

1. e4 d6 2. d4 Nf6 3. Nc3 e5 4. Nf3 Nbd7 5. Bc4 Be7 6. O-O c6 7. a4 O-O 8. Re1
b6 9. d5 Bb7 10. b3 cxd5 11. Nxd5 Nxd5 12. Bxd5 Bxd5 13. Qxd5 Rc8 14. c4 g6 15.
Bh6 Re8 16. g3 Rc5 17. Qd2 Nf6 18. h3 Qc8 19. Kg2 Nh5 20. Be3 Rc6 21. a5 Nf6
22. Qd3 b5 23. cxb5 Rc3 24. Qe2 Qa8 25. Bd2 Rxb3 26. Qc4 Rxf3 27. Kxf3 Rc8 28.
Qb3 d5 29. exd5 Nxd5 30. Ke2 Qb7 31. Rac1 Rb8 32. Rb1 Nc7 33. b6 e4 34. Rec1
Ne6 35. Be3 a6 36. Rc7 Nxc7 37. bxc7 1-0

[Event "BC op"]
[Site "Richmond"]
[Date "2020.02.17"]
[Round "5.6"]
[White "Luu, Tran Nguyen Khoi"]
[Black "MacKinnon, Keith"]
[Result "0-1"]
[WhiteElo "1672"]
[BlackElo "2265"]
[PlyCount "106"]
[EventDate "2020.02.15"]
[EventType "swiss"]
[EventCountry "CAN"]

1. Nf3 c5 2. c4 Nf6 3. Nc3 g6 4. e4 Bg7 5. d4 cxd4 6. Nxd4 d6 7. Be2 Nc6 8. Be3
O-O 9. O-O Be6 10. b3 Nxd4 11. Bxd4 Nd7 12. Bxg7 Kxg7 13. Qd4+ f6 14. Nd5 Bf7
15. b4 Ne5 16. Rfd1 Nc6 17. Qb2 e5 18. Bf1 Nd4 19. Ne3 Qb6 20. Rab1 Rfd8 21.
Nc2 Ne6 22. Rd2 Rac8 23. Rbd1 Ng5 24. c5 Rxc5 25. Ne3 Rcc8 26. Bd3 a6 27. Kf1
Qa7 28. Bb1 Rc6 29. Nd5 Bxd5 30. Rxd5 Ne6 31. Qa3 Qb6 32. Qb2 Nc7 33. R5d2 Nb5
34. Rd5 Nc3 35. a3 Rdc8 36. Qb3 Nxd5 37. Qxd5 Qb5+ 38. Qxb5 axb5 39. Bd3 Rc1
40. Rxc1 Rxc1+ 41. Ke2 Ra1 42. Bxb5 Rxa3 43. Bd3 Rb3 44. b5 Rb2+ 45. Ke3 Kf8
46. h4 Ke7 47. Bc4 h6 48. g3 g5 49. Kf3 Rb4 50. Bd3 d5 51. exd5 gxh4 52. Bf5
Kd6 53. gxh4 Rf4+ 0-1

[Event "BC op"]
[Site "Richmond"]
[Date "2020.02.17"]
[Round "5.7"]
[White "Patterson, Roger"]
[Black "Amerkeshev, Madiyar"]
[Result "0-1"]
[WhiteElo "2100"]
[BlackElo "2089"]
[PlyCount "50"]
[EventDate "2020.02.15"]
[EventType "swiss"]
[EventCountry "CAN"]

1. c4 e5 2. Nc3 Nf6 3. g3 Nc6 4. Bg2 Bc5 5. e3 a6 6. Nge2 Ba7 7. a3 d6 8. d3 h6
9. Qc2 Rb8 10. O-O h5 11. h4 g5 12. hxg5 Ng4 13. Ne4 h4 14. gxh4 Rxh4 15. N2c3
Bf5 16. Qe2 Kd7 17. f3 Nh2 18. Rf2 Qh8 19. Ng3 Bg6 20. Nce4 f5 21. gxf6 Rg8 22.
Bd2 Bxe4 23. Nxe4 Nxf3+ 24. Rxf3 Rh1+ 25. Kf2 Rxg2+ 0-1

[Event "BC op"]
[Site "Richmond"]
[Date "2020.02.17"]
[Round "5.8"]
[White "Morgan, Scott"]
[Black "Yang, Brian"]
[Result "0-1"]
[WhiteElo "2099"]
[BlackElo "1914"]
[PlyCount "71"]
[EventDate "2020.02.15"]
[EventType "swiss"]
[EventCountry "CAN"]

1. e4 c5 2. Be2 Nc6 3. f4 g6 4. Nf3 Bg7 5. O-O e6 6. d3 Nge7 7. c3 d5 8. Qe1
O-O 9. Na3 a6 10. Qh4 b5 11. f5 exf5 12. Bh6 f6 13. e5 Nxe5 14. Nxe5 fxe5 15.
Bg5 Ra7 16. Nc2 d4 17. cxd4 cxd4 18. a4 Rc7 19. axb5 axb5 20. Ra8 h6 21. Bxe7
Qxe7 22. Qxe7 Rxe7 23. Na3 Bd7 24. Ra7 Rc8 25. Nxb5 Rc2 26. Bf3 Bf6 27. Nd6 Bc6
28. Ra6 Bxf3 29. gxf3 Bg5 30. Nc4 Kg7 31. b4 e4 32. fxe4 fxe4 33. Na3 exd3 34.
Nxc2 dxc2 35. Rd6 c1=Q 36. Rxc1 0-1

[Event "BC op"]
[Site "Richmond"]
[Date "2020.02.17"]
[Round "5.9"]
[White "Salcedo, Daniel E."]
[Black "Jiang, Kate"]
[Result "1-0"]
[WhiteElo "2020"]
[BlackElo "1931"]
[PlyCount "53"]
[EventDate "2020.02.15"]
[EventType "swiss"]
[EventCountry "CAN"]

1. d4 d5 2. c4 c6 3. Nf3 Nf6 4. Nc3 e6 5. cxd5 exd5 6. Qc2 Bd6 7. Bg5 Nbd7 8.
e3 O-O 9. Bd3 Re8 10. Bxh7+ Kh8 11. Bd3 Nf8 12. Bh4 Ne6 13. Ne5 Qe7 14. f4 Nc7
15. O-O c5 16. Rae1 c4 17. Bg6 Rf8 18. Bxf7 Bxe5 19. fxe5 Rxf7 20. exf6 gxf6
21. Qg6 Qe8 22. Bxf6+ Rxf6 23. Qxf6+ Kg8 24. Qg5+ Kh7 25. Rf4 Qg6 26. Qe7+ Kg8
27. Rf8# 1-0

[Event "BC op"]
[Site "Richmond"]
[Date "2020.02.17"]
[Round "5.10"]
[White "Pitre, H. G.."]
[Black "Sardari, Reza"]
[Result "1-0"]
[WhiteElo "1889"]
[BlackElo "2001"]
[PlyCount "55"]
[EventDate "2020.02.15"]
[EventType "swiss"]
[EventCountry "CAN"]

1. e4 e5 2. f4 exf4 3. Bc4 d6 4. Nf3 g5 5. h4 g4 6. Ng5 Nh6 7. d4 Qe7 8. Bxf4
Bg7 9. Nc3 c6 10. e5 d5 11. Bxd5 cxd5 12. Nxd5 Qd8 13. c4 O-O 14. Ne4 f5 15.
exf6 Re8 16. Be5 Rxe5 17. dxe5 Bf8 18. Ng5 Nc6 19. e6 Bd6 20. Qd3 Qa5+ 21. Kf1
Bxe6 22. Qxh7+ Kf8 23. Nxe6+ Ke8 24. Qxh6 Kd7 25. Re1 Ne5 26. Rxe5 Bxe5 27. f7
Qxa2 28. Nc5+ 1-0

[Event "BC op"]
[Site "Richmond"]
[Date "2020.02.17"]
[Round "6.1"]
[White "Morozov, Grigorii"]
[Black "Nunez Asencio, Jorge"]
[Result "1-0"]
[WhiteElo "2423"]
[BlackElo "2235"]
[PlyCount "87"]
[EventDate "2020.02.15"]
[EventType "swiss"]
[EventCountry "CAN"]

1. d4 d5 2. c4 dxc4 3. Nf3 Nf6 4. e3 e6 5. Bxc4 a6 6. a4 b6 7. O-O Bb7 8. Nc3
Nbd7 9. Qe2 Bb4 10. Rd1 O-O 11. Bd3 Bxc3 12. bxc3 Ne4 13. Qc2 f5 14. Ne1 Qh4
15. Ba3 Nd6 16. f3 Rf6 17. Qf2 Qh5 18. c4 Rh6 19. g3 Nf7 20. Be2 Ng5 21. Qg2
Nh3+ 22. Kf1 Ng5 23. h4 Nf7 24. d5 Nfe5 25. Bc1 exd5 26. cxd5 Qf7 27. f4 Ng6
28. Bc4 Ne7 29. Ba3 Nc5 30. Rab1 Rb8 31. Bxc5 bxc5 32. Nd3 Rb6 33. Rxb6 cxb6
34. Ne5 Qh5 35. Qe2 Qxe2+ 36. Kxe2 Kh8 37. d6 Nc6 38. Nf7+ Kg8 39. Nd8+ Kf8 40.
Nxb7 Rxb7 41. Bd5 Nd8 42. Bxb7 Nxb7 43. d7 Ke7 44. Rb1 1-0

[Event "BC op"]
[Site "Richmond"]
[Date "2020.02.17"]
[Round "6.2"]
[White "Nyamdorj, Davaa-Ochir"]
[Black "Sohal, Tanraj S."]
[Result "0-1"]
[WhiteElo "2306"]
[BlackElo "2339"]
[PlyCount "90"]
[EventDate "2020.02.15"]
[EventType "swiss"]
[EventCountry "CAN"]

1. e4 c5 2. Nf3 Nc6 3. Bb5 g6 4. O-O Bg7 5. c3 e5 6. Re1 Nge7 7. d3 O-O 8. Be3
d6 9. h3 h6 10. d4 cxd4 11. cxd4 exd4 12. Nxd4 d5 13. Nc3 dxe4 14. Bxc6 Nxc6
15. Nxc6 bxc6 16. Nxe4 Qxd1 17. Raxd1 Be6 18. b3 Rfd8 19. Nc5 Bd5 20. Rd3 Bf8
21. Rc1 h5 22. Rd4 Bg7 23. Ra4 Bb2 24. Rd1 Be5 25. Bf4 Bc3 26. Rd3 Bf6 27. Nb7
Rd7 28. Nc5 Rdd8 29. Re3 Bg7 30. Na6 Rd7 31. Nc7 Rc8 32. Re8+ Rxe8 33. Nxe8 Bc3
34. Be3 Kf8 35. Nd6 Be5 36. Nc4 Bxc4 37. f4 Bb5 38. fxe5 Bxa4 39. Bc5+ Ke8 40.
bxa4 a6 41. a5 Rd5 42. Bb6 Rxe5 43. Kf2 Rb5 44. g4 hxg4 45. hxg4 Kd7 0-1